Woody Allen a casebook

Saved in:
Bibliografiske detaljer
Format: Bog
Sprog:engelsk
Udgivet: Routledge 2001
Tags: Tilføj Tag
Ingen Tags, Vær først til at tagge denne postø!

MARC

LEADER 00000nam a22000007a 4500
008 211102b ||||| |||| 00| 0 eng d
020 |a 081533124X 
245 |a Woody Allen   |b  a casebook  |c edited by Kimball King.  |g xviii, 158 p. 
250 |c  King, Kimball. 
260 |b  Routledge  |c  2001  |h New York  |i 428473  |i 428474  |l PN1998.3.A45W86  |m Allen, Woody, 1935---Criticism and interpretation. 
500 |a It includes bibliographical references 
942 |a lcc  |c BK  |e Adeyeye Y. S.  |f 02/11/21 
952 |0 0  |1 0  |2 lcc  |4 0  |6 PN19983 A45 W86  |7 0  |9 3807  |a HOL  |b HOL  |c LP  |d 2021-11-02  |l 0  |o PN 1998.3.A45W86  |p 2021-67539  |r 2021-11-02 00:00:00  |w 2021-11-02  |y BK 
952 |0 0  |1 0  |2 lcc  |4 0  |6 PN19983 A45 W86  |7 0  |9 3808  |a HOL  |b ED  |c LP  |d 2021-11-02  |l 0  |o PN 1998.3.A45W86  |p 2021-67540  |r 2021-11-02 00:00:00  |w 2021-11-02  |y BK 
999 |c 1903  |d 1903